[Event "FRA-chT Top 12"]
[Site "Chalons en Champagne"]
[Date "2021.06.25"]
[Round "2.1"]
[White "Afraoui, Anaelle"]
[Black "Eid, Maha"]
[Result "1-0"]
[WhiteElo "2085"]
[BlackElo "2023"]
[PlyCount "67"]
[EventDate "2021.06.24"]
[EventType "team-tourn"]
[EventRounds "11"]
[EventCountry "FRA"]
[SourceTitle "CBM 203 Extra"]
[Source "ChessBase"]
[SourceDate "2021.09.30"]
[SourceVersion "1"]
[SourceVersionDate "2021.09.30"]
[SourceQuality "1"]
[WhiteTeam "Clichy Echecs 92"]
[BlackTeam "Villejuif"]
[WhiteTeamCountry "FRA"]
[BlackTeamCountry "FRA"]

1. e4 c5 2. Nf3 Nc6 3. d4 cxd4 4. Nxd4 g6 5. c4 Bg7 6. Be3 Nf6 7. Nc3 d6 8. Be2 0-0 9. 0-0 Bd7 10. Qd2 Nxd4 11. Bxd4 Bc6 12. f3 Nd7 13. Be3 a5 14. b3 Nc5 15. Rab1 Re8 16. a3 a4 17. b4 Nb3 18. Qd3 e6 19. b5 Nc5 20. Bxc5 dxc5 21. bxc6 Qxd3 22. Bxd3 Bxc3 23. cxb7 Rab8 24. Rb6 Red8 25. Bc2 Rd4 26. Bxa4 Rxc4 27. Bc6 Bd4+ 28. Kh1 Be5 29. g3 Rd4 30. a4 c4 31. Rb5 c3 32. Rxe5 c2 33. Rc5 Rd1 34. Kg2 1-0

[Event "Cannes op 26th"]
[Site "Cannes"]
[Date "2014.07.09"]
[Round "4"]
[White "Eid, Maha"]
[Black "Allard, Julien"]
[Result "1/2-1/2"]
[WhiteElo "2028"]
[BlackElo "1848"]
[PlyCount "71"]
[EventDate "2014.07.07"]
[EventType "swiss"]
[EventRounds "9"]
[EventCountry "FRA"]
[SourceTitle "EXT 2015"]
[Source "ChessBase"]
[SourceDate "2014.11.20"]
[SourceVersion "1"]
[SourceVersionDate "2014.11.20"]
[SourceQuality "1"]

1. Nf3 Nf6 2. g3 g6 3. Bg2 Bg7 4. 0-0 0-0 5. d3 d5 6. Nc3 Nc6 7. e4 dxe4 8. dxe4 Bg4 9. h3 Be6 10. Qe2 Nd4 11. Nxd4 Qxd4 12. Rd1 Qb6 13. Rb1 c6 14. Be3 Qc7 15. Bf4 Qc8 16. Kh2 Nd7 17. e5 Qc7 18. Re1 Rad8 19. b3 Qa5 20. Ne4 h6 21. h4 Nxe5 22. b4 Ng4+ 23. Qxg4 Qxa2 24. Qe2 Bc4 25. Qe3 Kh7 26. Qc1 Bd5 27. Nc5 Bxg2 28. Kxg2 e5 29. Be3 Qd5+ 30. Kg1 b6 31. Nd3 f5 32. Rb3 f4 33. gxf4 Qe6 34. f3 e4 35. Bf2 Qh3 36. fxe4 1/2-1/2

[Event "Cannes op 26th"]
[Site "Cannes"]
[Date "2014.07.08"]
[Round "3"]
[White "Debray, Christopher"]
[Black "Eid, Maha"]
[Result "1-0"]
[WhiteElo "2344"]
[BlackElo "2028"]
[PlyCount "61"]
[EventDate "2014.07.07"]
[EventType "swiss"]
[EventRounds "9"]
[EventCountry "FRA"]
[SourceTitle "EXT 2015"]
[Source "ChessBase"]
[SourceDate "2014.11.20"]
[SourceVersion "1"]
[SourceVersionDate "2014.11.20"]
[SourceQuality "1"]

1. e4 c5 2. Nf3 e6 3. d4 cxd4 4. Nxd4 a6 5. Nc3 Qc7 6. g3 Nc6 7. Bg2 Nf6 8. 0-0 Be7 9. Re1 d6 10. Nxc6 bxc6 11. e5 dxe5 12. Rxe5 Nd5 13. Nxd5 cxd5 14. Bf4 Qa7 15. c4 dxc4 16. Be3 Qb8 17. Bc6+ Kf8 18. Bc5 Bb7 19. Bxe7+ Kxe7 20. Qd7+ Kf6 21. Rae1 Qxe5 22. Rxe5 Bxc6 23. Qd4 Rac8 24. Rc5+ Ke7 25. Qxc4 Bd5 26. Rc7+ Rxc7 27. Qxc7+ Kf6 28. a4 Re8 29. b4 a5 30. b5 Bb3 31. Qc3+ 1-0

[Event "EU-ch U16 Girls"]
[Site "Albena"]
[Date "2011.09.19"]
[Round "8"]
[White "Thoma, Sophia"]
[Black "Eid, Maha"]
[Result "0-1"]
[WhiteElo "1922"]
[BlackElo "2081"]
[PlyCount "56"]
[EventDate "2011.09.11"]
[EventType "swiss"]
[EventRounds "9"]
[EventCountry "BUL"]
[SourceTitle "CBM 144 Extra"]
[Source "ChessBase"]
[SourceDate "2011.10.28"]
[SourceVersion "1"]
[SourceVersionDate "2011.10.28"]
[SourceQuality "1"]

1. e4 c5 2. Nf3 e6 3. d4 cxd4 4. Nxd4 Nc6 5. Nxc6 bxc6 6. c4 Nf6 7. Bd3 e5 8. 0-0 Bc5 9. Bg5 d6 10. Nc3 h6 11. Bd2 0-0 12. Rb1 Be6 13. b4 Bd4 14. Ne2 Bb6 15. a4 d5 16. exd5 cxd5 17. c5 Bc7 18. Ng3 e4 19. Bb5 Ng4 20. Bc3 Qh4 21. h3 Nxf2 22. Rxf2 Qxg3 23. Be1 e3 24. Rf3 Qh2+ 25. Kf1 Qh1+ 26. Ke2 Qxg2+ 27. Kxe3 Bxh3 28. Qd4 Rae8+ 0-1

[Event "FRA-chT U20 16 GP Haute 1011"]
[Site "France"]
[Date "2011.06.12"]
[Round "8"]
[White "Eid, Maha"]
[Black "Fuhrmann, Valentin"]
[Result "1-0"]
[WhiteElo "2076"]
[BlackElo "1860"]
[PlyCount "71"]
[EventDate "2010.06.20"]
[EventType "team-tourn"]
[EventRounds "11"]
[EventCountry "FRA"]
[SourceTitle "EXT 2015"]
[Source "ChessBase"]
[SourceDate "2014.11.20"]
[SourceVersion "1"]
[SourceVersionDate "2014.11.20"]
[SourceQuality "1"]
[WhiteTeam "Clichy (U20)"]
[BlackTeam "Grenoble (U20)"]
[WhiteTeamCountry "FRA"]
[BlackTeamCountry "FRA"]

1. d4 Nf6 2. c4 Nc6 3. Nf3 e6 4. g3 d5 5. Bg2 dxc4 6. Qa4 Bb4+ 7. Bd2 Nd5 8. Bxb4 Ndxb4 9. 0-0 Rb8 10. Nc3 a6 11. Ne5 Qd6 12. Nxc6 bxc6 13. a3 Nd5 14. Ne4 Qd7 15. Nc5 Qd6 16. Qxc4 Rxb2 17. Ne4 Qd7 18. Rfc1 0-0 19. Bf3 Rb6 20. Nc5 Qe7 21. Na4 Rb8 22. Qxc6 Bd7 23. Qc2 Bxa4 24. Qxa4 Rfc8 25. Rc5 Rb6 26. Rac1 h6 27. Qc4 c6 28. Qa4 Qb7 29. e4 Ne7 30. d5 Rb5 31. dxc6 Nxc6 32. e5 Rxc5 33. Rxc5 Qb1+ 34. Kg2 Ne7 35. Rxc8+ Nxc8 36. Qe8+ 1-0

[Event "FRA-ch U16 Girls"]
[Site "Montlucon"]
[Date "2011.04.21"]
[Round "6"]
[White "Vignette, Jeanne"]
[Black "Eid, Maha"]
[Result "0-1"]
[WhiteElo "1617"]
[BlackElo "2088"]
[PlyCount "88"]
[EventDate "2011.04.17"]
[EventType "swiss"]
[EventRounds "9"]
[EventCountry "FRA"]
[SourceTitle "CBM 142 Extra"]
[Source "ChessBase"]
[SourceDate "2011.06.27"]
[SourceVersion "1"]
[SourceVersionDate "2011.06.27"]
[SourceQuality "1"]

1. e4 c5 2. Nf3 e6 3. d4 cxd4 4. Nxd4 a6 5. Nc3 Qc7 6. Bd3 Nc6 7. Nxc6 dxc6 8. 0-0 e5 9. Be3 Nf6 10. f3 b5 11. a4 Bb7 12. a5 Bd6 13. Qe1 0-0 14. Qg3 Kh8 15. Ne2 c5 16. c3 c4 17. Bb6 Bc5+ 18. Kh1 Bxb6 19. axb6 Qxb6 20. Bc2 Qe3 21. Ng1 Rfe8 22. Rfe1 Qb6 23. Nh3 h6 24. Qh4 Nh7 25. f4 Qf6 26. Qg3 exf4 27. Nxf4 Qe5 28. Qg4 Nf6 29. Qf3 Rad8 30. Ne2 Bxe4 31. Bxe4 Qxe4 32. Qxe4 Rxe4 33. Nd4 Rxe1+ 34. Rxe1 Nd5 35. h3 g6 36. Rf1 Kg7 37. Ra1 Rd6 38. Kh2 Nf4 39. Kg3 Ne6 40. Nf3 Nc5 41. Nd4 Nd3 42. Rb1 b4 43. Ne2 Rb6 44. cxb4 Rxb4 0-1

[Event "FRA-ch U16 Girls"]
[Site "Montlucon"]
[Date "2011.04.18"]
[Round "3"]
[White "Eid, Maha"]
[Black "Thomas, Anysia"]
[Result "1/2-1/2"]
[WhiteElo "2088"]
[BlackElo "1790"]
[PlyCount "35"]
[EventDate "2011.04.17"]
[EventType "swiss"]
[EventRounds "9"]
[EventCountry "FRA"]
[SourceTitle "CBM 142 Extra"]
[Source "ChessBase"]
[SourceDate "2011.06.27"]
[SourceVersion "1"]
[SourceVersionDate "2011.06.27"]
[SourceQuality "1"]

1. d4 d5 2. c4 dxc4 3. Nf3 c5 4. e3 cxd4 5. exd4 Nf6 6. Bxc4 e6 7. 0-0 Be7 8. Nc3 0-0 9. Qe2 Nc6 10. Rd1 Na5 11. Bd3 b6 12. h3 Bb7 13. Bf4 Nd5 14. Bh2 Rc8 15. Nxd5 Bxd5 16. Ne5 Ra8 17. Ba6 Bb7 18. Qd2 1/2-1/2

[Event "EU-ch U16 Girls"]
[Site "Batumi"]
[Date "2010.09.27"]
[Round "8"]
[White "Ivekovic, Tihana"]
[Black "Eid, Maha"]
[Result "1/2-1/2"]
[WhiteElo "1874"]
[BlackElo "2065"]
[PlyCount "83"]
[EventDate "2010.09.20"]
[EventType "swiss"]
[EventRounds "9"]
[EventCountry "GEO"]
[SourceTitle "CBM 138 Extra"]
[Source "ChessBase"]
[SourceDate "2010.10.29"]
[SourceVersion "1"]
[SourceVersionDate "2010.10.29"]
[SourceQuality "1"]

1. e4 c5 2. Nf3 e6 3. d4 cxd4 4. Nxd4 a6 5. Bd3 Qc7 6. 0-0 Nf6 7. Qe2 d6 8. c4 Nbd7 9. Nc3 g6 10. Rd1 Bg7 11. Nf3 0-0 12. Bf4 Ng4 13. Rac1 Nde5 14. b3 b6 15. Bb1 Bb7 16. Qd2 Nxf3+ 17. gxf3 Ne5 18. Qxd6 Qxd6 19. Rxd6 Nxf3+ 20. Kg2 Nd4 21. Rxb6 Bc6 22. Be3 Rfc8 23. f3 a5 24. Nb5 Bxb5 25. cxb5 Rcb8 26. Rxb8+ Rxb8 27. Bxd4 Bxd4 28. a4 Rd8 29. Bd3 Be5 30. Rd1 Kf8 31. h3 Ke7 32. Kf2 Bd4+ 33. Ke2 Rc8 34. Rb1 Bc5 35. Rc1 Rc7 36. f4 f6 37. f5 e5 38. Bc4 g5 39. Rd1 Bd4 40. Kf3 h5 41. Rd2 Kd6 42. Rc2 1/2-1/2

[Event "EU-ch U16 Girls"]
[Site "Batumi"]
[Date "2010.09.26"]
[Round "7"]
[White "Eid, Maha"]
[Black "Ibrahimova, Sabina Oqtay"]
[Result "0-1"]
[WhiteElo "2065"]
[BlackElo "2029"]
[PlyCount "58"]
[EventDate "2010.09.20"]
[EventType "swiss"]
[EventRounds "9"]
[EventCountry "GEO"]
[SourceTitle "CBM 138 Extra"]
[Source "ChessBase"]
[SourceDate "2010.10.29"]
[SourceVersion "1"]
[SourceVersionDate "2010.10.29"]
[SourceQuality "1"]

1. d4 Nf6 2. c4 g6 3. Nc3 Bg7 4. e4 d6 5. f3 0-0 6. Bg5 Nc6 7. Nge2 Re8 8. Qd2 Na5 9. Nc1 c5 10. d5 Bd7 11. Be2 a6 12. 0-0 Rb8 13. f4 b5 14. e5 b4 15. exf6 bxc3 16. Qxc3 exf6 17. Bh4 g5 18. Bf2 f5 19. Qf3 Rxb2 20. a3 Rc2 21. Ra2 Rexe2 22. Nxe2 Rxa2 23. fxg5 Nxc4 24. Qh5 Nd2 25. Rd1 Ne4 26. Bh4 Qb6 27. Kf1 Bb5 28. Re1 Bxe2+ 29. Rxe2 Qb5 0-1

[Event "EU-ch U16 Girls"]
[Site "Batumi"]
[Date "2010.09.21"]
[Round "2"]
[White "Eid, Maha"]
[Black "Yashchenko, Olena"]
[Result "1-0"]
[WhiteElo "2065"]
[BlackElo "1762"]
[PlyCount "51"]
[EventDate "2010.09.20"]
[EventType "swiss"]
[EventRounds "9"]
[EventCountry "GEO"]
[SourceTitle "CBM 138 Extra"]
[Source "ChessBase"]
[SourceDate "2010.10.29"]
[SourceVersion "1"]
[SourceVersionDate "2010.10.29"]
[SourceQuality "1"]

1. d4 Nf6 2. c4 e6 3. Nc3 Bb4 4. Qc2 0-0 5. Nf3 d5 6. Bg5 h6 7. Bh4 c5 8. dxc5 Nc6 9. e3 Bxc3+ 10. Qxc3 g5 11. Bg3 Ne4 12. Qa3 dxc4 13. Rd1 Qf6 14. Bxc4 e5 15. Bd5 Nxg3 16. hxg3 Ne7 17. Be4 Qg7 18. Rd6 Ng6 19. Qb3 Be6 20. Rxe6 fxe6 21. Qxe6+ Kh8 22. Bxg6 e4 23. Ne5 Rad8 24. Nf7+ Rxf7 25. Bxf7 Kh7 26. Qxe4+ 1-0

[Event "Paris-ch op-A"]
[Site "Paris"]
[Date "2010.07.09"]
[Round "7"]
[White "Perez Cameselle, Francisco Jose"]
[Black "Eid, Maha"]
[Result "0-1"]
[WhiteElo "1974"]
[BlackElo "2051"]
[PlyCount "90"]
[EventDate "2010.07.03"]
[EventType "swiss"]
[EventRounds "9"]
[EventCountry "FRA"]
[SourceTitle "CBM 137 Extra"]
[Source "ChessBase"]
[SourceDate "2010.09.01"]
[SourceVersion "1"]
[SourceVersionDate "2010.09.01"]
[SourceQuality "1"]

1. d4 Nf6 2. c4 e6 3. g3 c5 4. Nf3 cxd4 5. Nxd4 a6 6. Bg2 Qc7 7. b3 Be7 8. Bb2 0-0 9. 0-0 Nc6 10. Nc2 Rb8 11. Nc3 b5 12. cxb5 axb5 13. e4 b4 14. Ne2 Ba6 15. Re1 Ne5 16. Nc1 Rfc8 17. Ne3 Bc5 18. Bd4 Nd3 19. Nxd3 Bxd4 20. Rc1 Qa7 21. Rxc8+ Rxc8 22. Nxb4 Bc3 23. Nxa6 Bxe1 24. Qxe1 Qxa6 25. Qd2 d6 26. Bf1 Qc6 27. f3 Kf8 28. a4 Ke7 29. Bb5 Qc3 30. Qf2 Qxb3 31. Kg2 Rc3 32. Nf1 Rc2 33. Nd2 Qc3 34. Qa7+ Kd8 35. Qb8+ Ke7 36. Qa7+ Qc7 37. Qe3 Qc5 38. Qd3 h5 39. h4 Rc1 40. Nf1 Qc2+ 41. Qxc2 Rxc2+ 42. Kg1 Ra2 43. Ne3 Nd7 44. Bxd7 Kxd7 45. Nc4 Kc6 0-1

[Event "FRA-ch U16 Girls"]
[Site "Troyes"]
[Date "2010.04.14"]
[Round "5"]
[White "Eid, Maha"]
[Black "Monpeurt, Cyrielle"]
[Result "1-0"]
[WhiteElo "2003"]
[BlackElo "1855"]
[PlyCount "69"]
[EventDate "2010.04.11"]
[EventType "swiss"]
[EventRounds "9"]
[EventCountry "FRA"]
[SourceTitle "EXT 2012"]
[Source "ChessBase"]
[SourceDate "2011.11.24"]
[SourceVersion "1"]
[SourceVersionDate "2011.11.24"]
[SourceQuality "1"]

1. d4 Nf6 2. c4 c5 3. d5 e6 4. Nc3 exd5 5. cxd5 d6 6. e4 g6 7. Be2 Bg7 8. Nf3 0-0 9. 0-0 Nbd7 10. Nd2 a6 11. a4 Re8 12. Qc2 Rb8 13. a5 Qe7 14. Re1 Qf8 15. f4 b5 16. axb6 Rxb6 17. Nc4 Rb8 18. h3 Nb6 19. Na5 Ra8 20. Bd2 Bd7 21. Bf3 Bb5 22. Qb3 Reb8 23. Nxb5 axb5 24. Nc6 Nc4 25. Bc3 Rb7 26. Rxa8 Qxa8 27. e5 Ne8 28. Qc2 Qa6 29. e6 f5 30. e7 Bxc3 31. Qxc3 b4 32. Qd3 Qa2 33. Qe2 Kh8 34. Qe6 Ng7 35. Qc8+ 1-0

[Event "Wch U14 Girls"]
[Site "Kemer"]
[Date "2009.11.16"]
[Round "5"]
[White "Eid, Maha"]
[Black "Roy, Ali"]
[Result "1/2-1/2"]
[WhiteElo "1993"]
[BlackElo "1767"]
[PlyCount "65"]
[EventDate "2009.11.12"]
[EventType "swiss"]
[EventRounds "11"]
[EventCountry "TUR"]
[SourceTitle "EXT 2010"]
[Source "ChessBase"]
[SourceDate "2010.11.25"]
[SourceVersion "1"]
[SourceVersionDate "2010.11.25"]
[SourceQuality "1"]

1. d4 d5 2. c4 c6 3. Nc3 Nf6 4. e3 e6 5. Nf3 Nbd7 6. Qc2 Bd6 7. e4 dxe4 8. Nxe4 Nxe4 9. Qxe4 Nf6 10. Qh4 Qa5+ 11. Bd2 Qh5 12. Qxh5 Nxh5 13. 0-0-0 Bf4 14. Bxf4 Nxf4 15. g3 Ng6 16. Bg2 Bd7 17. Rhe1 0-0-0 18. Ng5 Rdf8 19. Re3 h6 20. Ne4 Kc7 21. Ra3 a6 22. f4 Ne7 23. Rc3 Nf5 24. Nc5 Nd6 25. d5 exd5 26. Nxd7 Kxd7 27. cxd5 c5 28. Rxc5 Rc8 29. Rxc8 Rxc8+ 30. Kb1 Rc5 31. b3 Nb5 32. Kb2 Kd6 33. a4 1/2-1/2